Shams-e-Tabrizi: (Record no. 190725)

MARC details
000 -LEADER
fixed length control field 00665 a2200193 4500
005 - DATE AND TIME OF LATEST TRANSACTION
control field 20220803154936.0
010 ## - LCCN (DPL NO)
LC control number ENG-134218
020 ## - INTERNATIONAL STANDARD BOOK NUMBER
Terms of availability 1499.00
International Standard Book Number 9789380077178
035 ## - SYSTEM CONTROL NUMBER
System control number EN-117750
037 ## - SOURCE OF ACQUISITION
Source of stock number/acquisition DBAD/PUB
082 ## - DEWEY DECIMAL CLASSIFICATION NUMBER
Classification number 891.5511
245 ## - TITLE STATEMENT
Title Shams-e-Tabrizi:
Statement of responsibility, etc Translated by Farida Maleki
Remainder of title rumi's perfect teacher/
250 ## - EDITION STATEMENT
Edition statement 2011
260 ## - PUBLICATION, DISTRIBUTION, ETC. (IMPRINT)
Place of publication, distribution, etc New Delhi
Name of publisher, distributor, etc G.P.S. Bhalla, Secreatary, Science Of The Soul Research Centre
Date of publication, distribution, etc 2011
270 ## - ADDRESS
Address C/O Radha Soami Satsang Beas, 5 Guru Ravi Dass Marg, Pusa Road
City New Delhi
Postal code 110005
300 ## - PHYSICAL DESCRIPTION
Extent xvi;353p.
Dimensions 23cm(hb)
700 ## - ADDED ENTRY--PERSONAL NAME
Personal name Maleki,Farida
942 ## - ADDED ENTRY ELEMENTS (KOHA)
Institution code [OBSOLETE] dpl
Item type English Books
Source of classification or shelving scheme Dewey Decimal Classification
Classification part 891.5511
Call number suffix SHA
Holdings
Withdrawn status Lost status Not for loan Collection code Home library Current library Date acquired Source of acquisition Cost, normal purchase price Full call number Barcode Copy number Cost, replacement price Koha item type
      Non-fiction Bawana Bawana 03/08/2022 DBAD/PUB 1499.00 891.5511 SHA EN-117750 1 1499.00 English Books

© Delhi Public Library
Hit Counter
free hit counter